00934cam a22002655a 4500003000900000005001700009008004100026020001800067020001500085040004600100082001900146245003400165264004200199300005800241336002600299337002800325338002700353650006500380651001000445653002500455655002400480942001900504999001700523952012800540EG-ScBUE20220509100501.0091221s2005 enka f d 000 0 eng d a9781405063906 a1405063904 aEG-ScBUE bengerdacEG-ScBUE dEG-ScBUE 04a423.1bMAC2221 aMacmillan phrasal verbs plus. 1aOxford :bMacmillan Education,c2005. axii, 522 pages :billustrations (some color) ;c20 cm 2rdacontentatextbtxt 2rdamediaaunmediatedbn 2rdacarrieravolumebnc 7bEnglish language xVerb phrase vDictionaries.2BUEsh910068 2BUEsh bHHUUEENNcAugust2018 vReading book934232 2ddccREFERENCE c13071d13071 00102ddc40708Donation-GaMAINbMAINc2NDd2009-12-21eDonationl0o423.1 MACp000019337r2025-07-15 00:00:00yREFERENCE